Anda ingin menjadi gentleman?

Bibliographic Details
Main Author: Mohd. Fadzilah Kamsah Dato' , 1951-
Other Authors: Ahmad Naim Jaafar
Format: Book
Published: Pahang : PTS Millennia , 2005
Series:Siri pembangunan diri
Subjects:

MARC

LEADER 00000cam a2200000 7i4500
001 0000029375
005 20100525.0
020 |a 983337218X 
090 0 0 |a 155.2   |b MFK 
100 0 |a Mohd. Fadzilah Kamsah   |c Dato' ,   |d 1951- 
245 1 0 |a Anda ingin menjadi gentleman?   |c Dato' Mohd. Fadzilah Kamsah, Ahmad Naim Jaafar 
260 |a Pahang :   |b PTS Millennia ,   |c 2005 
300 |a x, 212ms. :   |b ill. ;   |c 23cm. 
440 |a Siri pembangunan diri 
650 0 |a Personality and motivation 
650 0 |a Personality development 
700 1 |a Ahmad Naim Jaafar 
999 |a 0000936520   |b Book   |c Adult Collection   |e Cawangan Bandar Tenggara 
999 |a 0001061227   |b Book   |c Adult Collection   |e Cawangan Batu Pahat